| 000 | 01111nam a2200277 i 4500 | ||
|---|---|---|---|
| 001 | 186426 | ||
| 003 | SpMaBN | ||
| 005 | 20240128062951.0 | ||
| 008 | 161111s1992 fr |||| |bfre d | ||
| 020 | _a2-07-010667-5 | ||
| 080 | _a821.133.1-6"18" | ||
| 080 | _a929 Flaubert, Gustave | ||
| 100 | 1 |
_aFlaubert, Gustave, _d1821-1880 _951134 |
|
| 245 | 1 | 0 |
_aCorrespondance. _nI, _p(janvier 1830 à juin 1851) / _cFlaubert ; édition établie, présentée et annotée par Jean Bruneau. |
| 260 |
_a[Paris] : _bGallimard, _c[1992] |
||
| 300 |
_a1 v. (XXXIX, 1183 p.) ; _c18 cm. |
||
| 490 | 1 |
_aBibliothèque de la Pléiade ; _v244 |
|
| 500 | _aCronología. | ||
| 504 | _aBibliografía: p. [1157]-1162. | ||
| 505 | 8 |
_aContiene: v. 1 ; _tLes lettres de Flaubert et de quelques correspondants de janvier 1830 à juin 1851 |
|
| 600 | 1 | 4 |
_aFlaubert, Gustave, _d1821-1880- _xCorrespondencia _951135 |
| 700 | 1 |
_aBruneau, Jean. _9161211 |
|
| 830 | 0 |
_aBibliothèque de la Pléiade ; _v244 _9180233 |
|
| 852 |
_aES-MaACL _jL-30784 _z- enc. guaflex _z. - Donat. Miguel A. Velasco |
||
| 999 |
_c186426 _d186426 |
||